00893cam a22002531a 450000100060000000300080000600500170001400800410003103500190007203500180009104000490010904100080015808200180016610000390018424500730022326000440029630000260034050400410036665000280040774000320043594200120046799900170047995201430049629072BD-RjUL20211209051352.0140402s1954 nyu b 000 0 eng d a(BD-RjUL)29157 a(OCoLC)166114 aDLCcODaWUdOCoLCdMoSU-LdDLCdBD-RjULbeng aeng00a304bRIS 19541 aRiesman, David,d1909-2002.98880710aSelected essays from Individualism reconsidered /cby David Riesman. aGarden City, N.Y. :bDoubleday,cc1954. axiv, 302 p. ;c18 cm. aIncludes bibliographical references. 0aSocial sciences.9888080 aIndividualism reconsidered. 2ddccBK c29072d29072 00102ddc40728NFICaRUCLbRUCLcReadingd1963-01-23eMirja Book Agencyg5.94l0o304 RIS 1954r2014-04-02 00:00:00tC-1w2014-04-02yBK